| 000 | 00471nam a22001817a 4500 | ||
|---|---|---|---|
| 005 | 20240229101956.0 | ||
| 008 | 240209b |||||||| |||| 00| 0 eng d | ||
| 020 |
_a9781284211757 _c$ 190.95 |
||
| 040 | _aMAIN | ||
| 082 |
_a579 _bP771F(12) |
||
| 100 | _aPommerville, Jeffrey | ||
| 245 | _aFundamentals of microbiology | ||
| 250 | _a12th | ||
| 260 |
_aBurlington _bJones and Bartlett Learning _c2022 |
||
| 300 | _axxxv, 720 | ||
| 650 | _aMicrobiology | ||
| 942 | _cBK | ||
| 999 |
_c314170 _d314170 |
||